000 00744 a2200217 4500
005 20080908140859.0
008 080908t xxu||||| |||| 00| p eng d
010 _aENG-87626
020 _a8181575946
_c150.00
035 _aEN-71159
037 _bDBAD / PUB
082 _a881
100 _aRevathy Gopal
245 _aLast possibilities of light
_cby Revathy Gopal
260 _aCalcutta
_bWriters Workshop
_c2006
270 _a162/92, Lake Gardens,
_bCalcutta
_e700 045
300 _a84p.
_c22 cm (Hb)
490 _aWriters workshop redbird book
942 _adpl
_cEN
_k881 / KAL
_2ddc
_h881
_mKAL
999 _c6727
_d6727